<?xml version="1.0" encoding="UTF-8"?>
<record
    xmlns:xsi="http://www.w3.org/2001/XMLSchema-instance"
    xsi:schemaLocation="http://www.loc.gov/MARC21/slim http://www.loc.gov/standards/marcxml/schema/MARC21slim.xsd"
    xmlns="http://www.loc.gov/MARC21/slim">

  <leader>03820nam a22003017a 4500</leader>
  <datafield tag="999" ind1=" " ind2=" ">
    <subfield code="c">21889</subfield>
    <subfield code="d">21889</subfield>
  </datafield>
  <controlfield tag="003">AR-CdUCM</controlfield>
  <controlfield tag="008">190425b           ||||| |||| 00| 0 spa d</controlfield>
  <datafield tag="040" ind1=" " ind2=" ">
    <subfield code="a">MUNICIPALIDAD PROVINCIAL DEL CUSCO</subfield>
    <subfield code="c">BIBLIOTECA MUNICIPAL DEL CUSCO</subfield>
  </datafield>
  <datafield tag="082" ind1=" " ind2=" ">
    <subfield code="a">Rev.FD/N&#xB0;2/1964</subfield>
  </datafield>
  <datafield tag="110" ind1=" " ind2=" ">
    <subfield code="a">Universidad Nacional De San Antonio Abad del Cuzco</subfield>
    <subfield code="9">14483</subfield>
  </datafield>
  <datafield tag="245" ind1=" " ind2=" ">
    <subfield code="a">Revista de la Facultad de Derecho de la Universidad Nacional de San Antonio Abad del Cuzco /</subfield>
    <subfield code="c">Universidad Nacional de San Antonio Abad del Cuzco</subfield>
  </datafield>
  <datafield tag="260" ind1=" " ind2=" ">
    <subfield code="a">Cusco :</subfield>
    <subfield code="b">H.G. Rozas,</subfield>
    <subfield code="c">1964.</subfield>
  </datafield>
  <datafield tag="300" ind1=" " ind2=" ">
    <subfield code="a">212 p&#xE1;ginas. :</subfield>
    <subfield code="c">24 cm.</subfield>
  </datafield>
  <datafield tag="440" ind1=" " ind2=" ">
    <subfield code="a">Revista de la Facultad de Derecho de la Universidad Nacional de San Antonio Abad del Cuzco.</subfield>
    <subfield code="n">N&#xB0;2, 1964.</subfield>
    <subfield code="9">46684</subfield>
  </datafield>
  <datafield tag="505" ind1=" " ind2=" ">
    <subfield code="a">Contenido: Fines de las facultades de derecho. Cesar Mu&#xF1;iz. -- Trascendencia de la primera convenci&#xF3;n de facultades de Derecho del Per&#xFA;. Le&#xF3;n Barandiar&#xE1;n. -- Misi&#xF3;n de las facultades de derecho del Per&#xFA;. Carlos Ferdinand Cuadros. -- Mociones y ponencias de la facultad de Derecho del Cusco, econom&#xED;a de la Universidad Peruana. Casafranca. -- Formaci&#xF3;n f&#xED;sica del estudiante. Linares. -- Transformaci&#xF3;n del Ministerio de Educaci&#xF3;n. Varios. -- Perfeccionamiento del idioma espa&#xF1;ol. Zamalloa. -- Objeto y fines de las facultades de Derecho en el Per&#xFA;. -- Objeto y fines de la facultad de Derecho, por facultad de Derecho, -- La investigaci&#xF3;n de la realidad socio jur&#xED;dica fin primordial de las facultades de derecho. Carlos Ferdinand Cuadros. -- necesidad de estudiar los medios de ayuda al reci&#xE9;n graduado. Carlos Ferdinand Cuadros. -- El actual funcionamiento de las facultades de Derecho y la realidad nacional. Centro Federado de Derecho.-- Unificaci&#xF3;n de planes de estudios. -- Materias b&#xE1;sicas en los planes de estudios de las facultades de Derecho y ciencias sociales por facultad de Derecho. -- Unificaci&#xF3;n de planes de estudios. Facultad de Derecho.-- Unificaci&#xF3;n de sistemas de ex&#xE1;menes profesionales. Ex&#xE1;menes de abogado por pruebas practicas y de tesis. Carlos Ferdinand Cuadros. -- Hacia la reforma de los sistemas de ex&#xE1;menes profesionales. Rodolfo Zamalloa Loaiza. -- Unificaci&#xF3;n de sistemas y ex&#xE1;menes profesionales. Federado de Derecho. -- Ciclo pre-jur&#xED;dico. Centro Federado de Derecho. -- Diversificaci&#xF3;n y especializaci&#xF3;n profesional. -- Diversificaci&#xF3;n y especializaci&#xF3;n profesional. Secciones profesionales. -- Secciones de especializaci&#xF3;n pro Facultad de Derecho. --  Estudio de has necesidades de ha sociedad u planificaci&#xF3;n profesional. Carlos Ferdinand Cuadros. -- Secretarios judiciales. Centro Federado de Derecho. -- Institutos. Centro Federado de Derecho. -- T&#xE9;cnicos en prisiones.  Centro Federado de Derecho. -- Ense&#xF1;anza practica del Derecho. -- Consultorios jur&#xED;dicas gratuitos, Ar&#xED;stides Venero. -- Academias de practica forense. Ar&#xED;stides Venero. -- Objeto de la practica. Ar&#xED;stides Venero. -- Coordinaci&#xF3;n de la practica universitaria con las academias de los colegios de abogados. -- Centro Federado de Derecho. -- Consultorios jur&#xED;dicos. Centro Federado de Derecho. -- Consultorio jur&#xED;dicos.  Centro Federado de Derecho. -- Consejo Inter facultativo de derecho. Lino Casafranca. -- Reuniones especializadas de docentes. Rodolfo Zamalloa. -- conclusiones y resoluciones. -- Documentos y cr&#xF3;nica. -- Catalogo de la exposici&#xF3;n del libro jur&#xED;dico.</subfield>
  </datafield>
  <datafield tag="650" ind1=" " ind2=" ">
    <subfield code="a"> Derecho del Per&#xFA;</subfield>
    <subfield code="9">46685</subfield>
  </datafield>
  <datafield tag="650" ind1=" " ind2=" ">
    <subfield code="a">Universidad peruana</subfield>
    <subfield code="9">12786</subfield>
  </datafield>
  <datafield tag="650" ind1=" " ind2=" ">
    <subfield code="a">Realidad nacional</subfield>
    <subfield code="9">46692</subfield>
  </datafield>
  <datafield tag="650" ind1=" " ind2=" ">
    <subfield code="a">Ciencias sociales</subfield>
    <subfield code="9">1096</subfield>
  </datafield>
  <datafield tag="650" ind1=" " ind2=" ">
    <subfield code="a">Ense&#xF1;anza practica del Derecho</subfield>
    <subfield code="9">46688</subfield>
  </datafield>
  <datafield tag="650" ind1=" " ind2=" ">
    <subfield code="a">Libro jur&#xED;dico</subfield>
    <subfield code="9">46689</subfield>
  </datafield>
  <datafield tag="700" ind1=" " ind2=" ">
    <subfield code="a">Mu&#xF1;iz, Cesar</subfield>
    <subfield code="9">45904</subfield>
  </datafield>
  <datafield tag="700" ind1=" " ind2=" ">
    <subfield code="a">Ferdinand Cuadros, Carlos</subfield>
    <subfield code="9">22810</subfield>
  </datafield>
  <datafield tag="700" ind1=" " ind2=" ">
    <subfield code="a">Zamalloa Loaiza, Rodolfo</subfield>
    <subfield code="9">5040</subfield>
  </datafield>
  <datafield tag="710" ind1=" " ind2=" ">
    <subfield code="a">Centro Federado de Derecho</subfield>
    <subfield code="9">46693</subfield>
  </datafield>
  <datafield tag="942" ind1=" " ind2=" ">
    <subfield code="2">ddc</subfield>
    <subfield code="c">PP</subfield>
  </datafield>
  <datafield tag="945" ind1=" " ind2=" ">
    <subfield code="a">rac</subfield>
  </datafield>
  <datafield tag="952" ind1=" " ind2=" ">
    <subfield code="0">0</subfield>
    <subfield code="2">ddc</subfield>
    <subfield code="4">0</subfield>
    <subfield code="7">0</subfield>
    <subfield code="a">HEM</subfield>
    <subfield code="b">HEM</subfield>
    <subfield code="c">CART</subfield>
    <subfield code="d">2021-09-14</subfield>
    <subfield code="g">10.00</subfield>
    <subfield code="o">Rev.FD/N&#xB0;2/1964</subfield>
    <subfield code="p">REVC000408</subfield>
    <subfield code="r">2021-09-14</subfield>
    <subfield code="y">PP</subfield>
  </datafield>
  <datafield tag="952" ind1=" " ind2=" ">
    <subfield code="0">0</subfield>
    <subfield code="2">ddc</subfield>
    <subfield code="4">0</subfield>
    <subfield code="7">0</subfield>
    <subfield code="a">HEM</subfield>
    <subfield code="b">HEM</subfield>
    <subfield code="c">CART</subfield>
    <subfield code="d">2021-09-14</subfield>
    <subfield code="g">10.00</subfield>
    <subfield code="o">Rev.FD/N&#xB0;2/1964/e.2</subfield>
    <subfield code="p">REVC000409</subfield>
    <subfield code="r">2021-09-15</subfield>
    <subfield code="y">PP</subfield>
  </datafield>
</record>
